000 00724nam a22002297a 4500
999 _c232793
_d232793
003 Nust
005 20200318154625.0
008 170223b xxu||||| |||| 00| 0 eng d
038 _aNoman Tariq
040 _c0
050 _a363.7 NIS
082 _a363.7 NIS
100 _aNisar,Munazza
_929061
245 _aFirst Ground-Based Max-Doas Observations Of Nitrogen Dioxide (NO2) And Formaldehyde (HCHO) Column Densities Over Islamabad
_cMunazza Nisar
260 _aIslamabad
_bIESE (SCEE) NUST
_c2013.
300 _a89 p.
_bHB.
440 _aMS Environmental Science
_91724
500 _aThesis MS ES
650 _aEnvironmental Science
_91725
700 _4Dr. M Fahim Khokhar (Supervisor)
942 _2ddc
_cTHE
_kIESE